Estudi de les condicions higienicosanitàries a l'aigua i l'aire de les piscines d'ús públic / direcció: Assumpta Freixa ; autors: Pere Aulèstia ... [et al.] Assumpta Freixa ; autors:
Descripción Física:
133 p. : taules, gràf. ; 29 cm
Otros Autores:
Freixa, Assumpció
,
Aulèstia, Pere
,
Col·legi d'Enginyers Tècnics Industrials de Barcelona
MARC
| LEADER | 00000nam a2200000Ia 4500 | ||
|---|---|---|---|
| 001 | 21286 | ||
| 008 | 160829s2005 xx 000 0 cat d | ||
| 080 | |a C-3-184 | ||
| 245 | |a Estudi de les condicions higienicosanitàries a l'aigua i l'aire de les piscines d'ús públic / direcció: |b Assumpta Freixa ; autors: |b Pere Aulèstia ... [et al.] | ||
| 260 | |a Barcelona : |b Col·legi d'Enginyers Tècnics Industrials de Barcelona, |c 2005 | ||
| 300 | |a 133 p. : |b taules, gràf. ; |c 29 cm | ||
| 590 | |a Bibliografia. | ||
| 590 | |a Amb la col·laboració de la Diputació de Barcelona | ||
| 650 | |a Piscines |x Mesures de seguretat |9 44801 | ||
| 650 | |a Piscines |x Aspectes higiènics |x Espanya |x Dret i legislació |9 44802 | ||
| 700 | 1 | |a Freixa, Assumpció |9 44803 | |
| 700 | |a Aulèstia, Pere |9 44804 | ||
| 700 | |a Col·legi d'Enginyers Tècnics Industrials de Barcelona |9 39394 | ||
| 901 | |a Arxiu | ||
| 942 | |n 1 | ||
| 952 | |0 0 |1 0 |4 0 |6 C3184 |7 1 |9 52179 |a Arxiu |b Arxiu |d 2016-12-01 |l 0 |o C-3-184 |p 21286 |r 2016-12-01 00:00:00 |w 2016-12-01 |y ARXIU | ||
| 999 | |c 56027 |d 56027 | ||